00781 2200289 4500001002100000005001500021035002000036007000300056040001700059100002700076245002900103250001200132300003600144041000800180082001400188090002400202264003900226336002100265337003000286338002300316650001000339850001000349008004100359700004900400504002300449990001900472INLIS00000000000519120260515075024 a0010-0222000281ta aSBPUPADbind0 aTjetjep,DkkePengarang1 aKewajiban Seorang Muslim a.-cet.7 av,62 hal. :billus. ;c15x21 cm0 aind a297.123 4 a297.123 4 TJE k 3-1 a.--Bandung :bPT Puri Delco,c2012 2rdacontentaTeks 2rdamediaaTanpa Perantara 2rdacarrieraVolume 4aAgama aPUPAD260515 0 0 aEditor,Tim Editor PT Puri PustakaePengarang aBibliografi,hlm 62 a07/S/KAPD/2012